000 00948nam a2200241 a 4500
001 41096
003 BD-RjUL
005 20211209053329.0
008 160515s2004 bg ||||| |||| 00| j ben d
020 _a9840744351
_c: Tk. 90.00
035 _a(BD-RjUL) 41212
040 _aBD-RjUL
_bben
_cBD-RjUL
041 _aben
082 _223
_a813.52
_bHEH 2004
100 _aহেমিংওয়ে, আর্নেস্ট
_9126425
245 1 0 _aহেমিংওয়ের গল্প /
_cআর্নেস্ট হেমিংওয়ে ; কাওসার হুসাইন অনুবাদক
260 _aঢাকা :
_bবাংলা একাডেমী,
_c২০০৪
300 _a১০৯ পৃ. ;
_c২১ সেমি.
650 _aবাংলা গল্প
_9120183
650 _aBengali Fiction
_9126426
700 _aহুসাইন, কাওসার অনুবাদক
_9126427
942 _2ddc
_cBK
999 _c41096
_d41096